| 000 | 00901nam a2200253 i 4500 | ||
|---|---|---|---|
| 003 | DO-SdBNP | ||
| 005 | 20250820101532.0 | ||
| 007 | ta | ||
| 008 | 230607e1986 dr ||||| |||| 00| 0 spa d | ||
| 020 | _a | ||
| 040 |
_aDO-SdBNP _bspa _cBNPHU _erda |
||
| 041 | _aspa | ||
| 082 | 4 |
_axxx _bC577d _222 |
|
| 100 | 1 |
_aCipriano, Utrera de, _d1886-1958 _eautor _qFray Cipriano de Utrera _4aut _957183 |
|
| 245 | 1 | 0 |
_aDiario de un viaje / _cCipriano de Utrera ; presentación por, Emilio Rodríguez Demorizi |
| 264 | 1 |
_aSanto Domingo : _bEditora Corripio, _c1983. |
|
| 300 |
_a[56] páginas : _bIlustraciones, facsímil, mapas ; _c21 cm. |
||
| 336 |
_atexto _btxt _2rdaconten |
||
| 337 |
_asin medición _bn _2rdamedia |
||
| 338 |
_avolumen _bnc _2rdacarrier |
||
| 590 | _aInventariado 2023 / MF | ||
| 700 | 1 |
_aRodríguez Demorizi, Emilio, _d1908-1986 _epresentación _91039 |
|
| 942 |
_2ddc _cLBS1 |
||
| 999 |
_c53741 _d53741 |
||